000 00582nam a2200193Ia 4500
003 IN-BaIIA
008 211028s9999 xx 000 0 eng d
020 _a978-3-319-13421-5
040 _cIIA Library
080 _a52-77
_bVER
100 _aVerschuur, Gerrit
_936571
245 4 _aThe invisible universe
_bthe story of radio astronomy
_cGerrit Verschuur
250 _a3rd ed.
260 _aCham
_bSpringer
_c2015
300 _axii, 259p.
650 _aNature - sky observation
_930699
650 _aRadio astronomy
_92849
942 _cBK
999 _c19152
_d19152